000 00339nam a22001457a 4500
005 20171207084411.0
008 081125s2009 nyuab b 001 0 eng
020 _a9780071613668
041 0 _aeng
080 _a03
100 _a26
101 _aENC
245 0 0 _aMcGraw-Hill concise encyclopedia of science & technology.
942 _2udc
_cBK
999 _c645
_d645